Países que são ilhas na África - Statistics

Estatísticas Gerais
  • Esse quiz foi jogado 200 vezes
  • A pontuação média é 5 de 6
Estatísticas das Respostas
País/Ilha % Correto
Madagascar
97%
Cabo Verde
96%
São Tomé e Príncipe
90%
Seychelles
88%
Maurício
86%
Comores
84%
Nenhum quiz correspondente encontrado
Distribuição das Pontuações
Porcentagem de Pessoas com Cada Pontuação
Percentil de Números Respondidos
Sua Pontuação Histórica
Você não jogou esse quiz